| 000 | 00817naa a22002177i 4500 | ||
|---|---|---|---|
| 001 | 232718 | ||
| 003 | ES-MaBCM | ||
| 005 | 20260323103041.0 | ||
| 008 | 260323s2026 sp ||||| |||| 00| 0 spa d | ||
| 040 | _cES-MaBCM | ||
| 100 | 1 |
_aMagro Servet, Vicente _928353 |
|
| 245 | 1 | 0 |
_aJuzgar con perspectiva de protección de la infancia y la adolescencia en la jurisprudencia del Tribunal Supremo : _b(SSTS 75/2026, de 4 de febrero, y 109/2026, de 10 de febrero) _cVicente Magro Servet |
| 650 | 7 |
_aMalos tratos _991087 |
|
| 650 | 7 |
_aVíctima _960616 |
|
| 650 | 7 |
_aMenor _959388 |
|
| 650 | 7 |
_aJuicio _959121 |
|
| 650 | 7 |
_aProtección de la infancia _959955 |
|
| 650 | 0 |
_aDerechos del niño _9121577 |
|
| 773 | 0 |
_dLas Rozas, Madrid _gN. 10900 (10 de marzo de 2026) - Loc. En línea _tDiario La Ley _w213918 |
|
| 942 |
_2udc _cAREV |
||
| 999 |
_c232718 _d232718 |
||